Normal view MARC view
  • Lectura

Entry Materia

Number of records used in: 25

001 - NÚMERO DE CONTROL DEL REGISTRO

  • campo de control: 19399

003 - IDENTIFICADOR DE NUMERO DE CONTROL

  • campo de control: MX-MxUPN

005 - FECHA Y HORA DE LA ÚLTIMA TRANSACCIÓN

  • campo de control: 20241003154756.0

008 - DATOS DE LONGITUD FIJA

  • campo de control de longitud fija: 241003n||acnnnbabn n ana d

035 ## - NÚMERO DE CONTROL DEL SISTEMA

  • Número de control del sistema: UPN10000019408

040 ## - FUENTE DE LA CATALOGACIÓN

  • Lengua de catalogación: spa
  • Agencia de transcripción: MX-MxUPN
  • Centro catalogador de origen: MX-MxUPN

150 ## - ENCABEZAMIENTO - TEMÁTICO

  • Término de materia o nombre geográfico como elemento inicial: Lectura
  • Subdivisión de materia general: Enseñanza correctiva

670 ## - FUENTE EN LA QUE SE LOCALIZARON DATOS

  • Cita de la fuente: Autoridades BGTQ, 03 octubre 2024 :
  • Información localizada: (Lectura -- Enseñanza correctiva)

902 ## - CATALOGADOR

  • Catalogador: MEEG/290796
  • Catalogador: MaríaRobles/031024